Introducción a la sociología /

Guardado en:
Autor Principal: Cuvillier, Armand
Formato: Libro
Publicado: Buenos Aires : La Pleyade, 1968
Materias:
Etiquetas: Agregar Etiqueta
Sin Etiquetas, Sea el primero en etiquetar este registro!
LEADER 01211nam a22001935a 4500
001 CEM.cems001884
005 20060215000000.0
008 130507s1968##################000#0#####d
003 CEMS
082 0 4 |a 301 
100 1 |a Cuvillier, Armand 
245 1 0 |a Introducción a la sociología / 
260 |a Buenos Aires :  |b La Pleyade,  |c 1968 
300 |a 221 p. 
505 0 |a Sociologia: Definicion; El por que de los conceptos; La ciencia y los conceptos; Analisis conceptual; CULTURA: Conducta pautada y vida colectiva; Instintos, Aprendizaje y Cultura; Similitud y diversidad culturales; Raza, Clima Geografía y Cultura; Cultura y subcultura; Instituciones, usos y costumbres; SOCIEDAD: Relaciones sociales, Instituciones, Rol y status, Organizacion social; GRUPOS SOCIALES: Categorias, Sociedad y comunidad, Tipos de sociedades, Asociaciones y grupos sociales, Diversidad de los grupos, Funcion y cambio, Funcion social, Estabilidad y cambio, Evolucion social; Sociologia e individuo; Individuo como producto social; Perspectivas de la sociologia y de la psicología. 
653 |a Sociologia 
653 |a Sociologia-metodos 
653 |a Sociologia-problemas 
859 |a CEMS  |b BIB. CEMS - 11 de abril  |h 301  |i C988  |p 630.73  |t Ej.1